Music Quiz

Random Music or Kpop Quiz

Kpop Groups in Hangul #4 Quiz Stats

 Plays Quiz not verified by Sporcle

Support Sporcle.
Go Orange.
Score 0/153 Timer 20:00
1 Play Today
hangul group/member % Correct
오마이걸OH MY GIRL
90.5%
세븐틴Dino
90.5%
스트레이 키즈Lee Know
89.8%
세븐틴SEVENTEEN
89.8%
티오오Chan
89.6%
스트레이 키즈Bang Chan
89.1%
스트레이 키즈Sungmin
88.8%
오마이걸Mimi
88.4%
스트레이 키즈Stray Kids
88.4%
샤이니Onew
88.4%
온앤 오프U
88.4%
샤이니SHINee
88.1%
펜타곤PENTAGON
88.1%
스트레이 키즈Han
87.8%
샤이니Minho
87.4%
슈퍼엠Taemin
87.1%
샤이니Taemin
87.1%
세븐틴Jun
87.1%
씨스타Hyolyn
86.7%
레드벨벳Red Velvet
86.7%
슈퍼엠SuperM
86.4%
스트레이 키즈I.N
86.4%
스트레이 키즈Hyunjin
86.4%
스트레이 키즈Changbin
86.4%
세븐틴Joshua
86.4%
슈퍼엠Kai
86.1%
레드벨벳Seulgi
86.1%
원어스ONEUS
86.1%
스트레이 키즈Felix
85.7%
샤이니Key
85.7%
세븐틴Hoshi
85.7%
세븐틴Mingyu
85.4%
슈퍼엠Taeyong
85%
슈퍼엠Mark
85%
샤이니Jonghyun♡
85%
레드벨벳Yeri
85%
레드벨벳Joy
85%
레드벨벳Wendy
85%
슈퍼엠Ten
84.7%
슈퍼주니어SUPER JUNIOR
84.7%
세븐틴S.Coups
84.7%
레드벨벳Irene
84.7%
슈퍼엠Baekhyun
84.4%
슈퍼엠Lucas
84.4%
씨스타SISTAR
84.4%
펜타곤Hui
84.4%
세븐틴Seungkwan
84%
세븐틴Woozi
84%
프리스틴PRISTIN
84%
세븐틴Vernon
83.7%
세븐틴Jeonghan
83.7%
hangul group/member % Correct
세븐틴DK
83.3%
세븐틴Wonwoo
83.3%
펜타곤Kino
83.3%
펜타곤Yuto
83%
에스에프나인SF9
82.7%
펜타곤Jinho
82.7%
오마이걸Arin
82%
세븐틴The8
82%
오마이걸Jiho
81.6%
더보이즈THE BOYZ
81.6%
펜타곤Wooseok
80.6%
슈퍼주니어Heechul
80.3%
씨스타Bora
80.3%
씨스타Dasom
79.6%
씨스타Soyou
79.3%
슈퍼주니어Leeteuk
78.6%
슈퍼주니어Shindong
78.2%
오마이걸YooA
77.6%
슈퍼주니어Siwon
77.6%
펜타곤Hongseok
77.6%
오마이걸Binnie
77.2%
더보이즈Kevin
76.9%
더로즈The Rose
76.5%
더보이즈New
76.2%
슈퍼주니어Donghae
76.2%
에스에프나인Taeyang
76.2%
원어스Seoho
76.2%
더보이즈Eric
75.9%
슈퍼주니어Eunhyuk
75.9%
슈퍼주니어Yesung
75.9%
더보이즈Hyunjae
74.8%
더보이즈Jacob
73.8%
슈퍼주니어Kyuhyun
73.8%
슈퍼주니어Sungmin
73.8%
로켓펀치Rocket Punch
73.8%
더보이즈Q
73.5%
오마이걸Seunghee
73.1%
프리스틴Rena
73.1%
프리스틴Roa
73.1%
에스에프나인Rowoon
72.8%
에스에프나인Inseong
72.8%
프리스틴Yuha
72.8%
프리스틴Nayoung
72.1%
오마이걸Hyojung
71.8%
에스에프나인Zuho
71.8%
프리스틴Eunwoo
71.8%
더로즈Hajoon
71.4%
더보이즈Juyeon
71.4%
펜타곤Shinwon
71.4%
원위Harin
71.4%
원어스Leedo
71.4%
hangul group/member % Correct
슈퍼주니어Ryeowook
71.1%
에스에프나인Dawon
71.1%
더로즈Dojoon
70.7%
더보이즈Sangyeon
70.7%
원위ONEWE
70.7%
에스에프나인Jaeyoon
70.4%
티오오Jisu
70.4%
에스에프나인Youngbin
70.1%
더로즈Woosung
69.7%
펜타곤Yanan
69.4%
온앤 오프Hyojin
69%
더로즈Jaehyeong
68.7%
로켓펀치Dahyun
68.7%
에스에프나인Hwiyoung
68.4%
온앤 오프ONF
68.4%
프리스틴Yehana
67.7%
프리스틴Kyulkyung
67.7%
티오오Minsu
66.4%
에스에프나인Chani
66.3%
펜타곤Yeo One
66%
원어스Keonhee
66%
원어스Hwanwoong
65.6%
원위Dongmyeong
65.3%
더보이즈Juhaknyeon
65%
티오오TOO
64.8%
더보이즈Younghoon
64.6%
온앤 오프MK
64.6%
원어스Xion
64.6%
더보이즈Sunwoo
64.3%
티오오Jerome
64%
원어스Ravn
63.9%
원위Kanghyun
62.9%
원위Yonghoon
62.6%
로켓펀치Sohee
61.2%
프리스틴Kyla
60.9%
프리스틴Sungyeon
59.5%
로켓펀치Yeonhee
59.2%
로켓펀치Suyun
58.8%
로켓펀치Juri
57.8%
티오오Jaeyun
57.6%
온앤 오프Wyatt
53.7%
티오오Chihoon
52%
온앤 오프J-US
49.3%
프리스틴Xiyeon
47.6%
티오오Donggeon
44%
티오오Kyungho
43.2%
원위Cya
40.1%
온앤 오프E-Tion
39.8%
로켓펀치Yunkyoung
35.7%
티오오Woonggi
33.6%
티오오J.You
27.2%

You're not logged in!

Compare scores with friends on all Sporcle quizzes.
OR
Log In

From the Vault

The Poland Quiz

by psubball1

We'd never forget Poland.
Remove Ads.
Support Sporcle.
Get the best of Sporcle when you Go Orange. This ad-free experience offers more features, more stats, and more fun while also helping to support Sporcle. Thank you for becoming a member.

Show Comments

Extras

Top Quizzes Today


Score Distribution

Your Account Isn't Verified!

In order to create a playlist on Sporcle, you need to verify the email address you used during registration. Go to your Sporcle Settings to finish the process.

Report this User

Report this user for behavior that violates our Community Guidelines.

Details: